Den antropologie : maso, konflikt, důvěra

Saved in:
Bibliographic Details
Main Authors Horáková, Hana (Author), Kvapil, Matěj (Author), Látal, Martin (Author), Vondruška, Michal (Author), Vranovský, Karel (Author)
Format Book
LanguageCzech
Published Olomouc : Univerzita Palackého v Olomouci, 2025
Edition1. vydání
Subjects
ISBN978-80-244-6729-0
Physical Description117 stran : barevné ilustrace, mapy ; 21 cm

Cover

LEADER 00000nam a2200000 i 4500
001 115467
003 CZ-ZlUTB
005 20260429082904.0
007 ta
008 260226s2025 xr b f 000 0 cze
015 |a cnb003742674 
020 |a 978-80-244-6729-0  |q (brožováno) 
040 |a BOA001  |b cze  |e rda 
041 0 |a cze  |b cze  |b eng 
072 7 |a 39  |x Kulturní antropologie. Etnologie. Etnografie  |2 Konspekt  |9 1 
080 |a 39+572  |2 MRF 
080 |a (082)  |2 MRF 
100 1 |a Horáková, Hana  |7 mzk2007377753  |4 aut 
245 1 0 |a Den antropologie :  |b maso, konflikt, důvěra /  |c Hana Horáková, Matěj Kvapil, Martin Látal, Michal Vondruška a Karel Vranovský 
250 |a 1. vydání 
264 1 |a Olomouc :  |b Univerzita Palackého v Olomouci,  |c 2025 
300 |a 117 stran :  |b barevné ilustrace, mapy ;  |c 21 cm 
336 |a text  |b txt  |2 rdacontent 
337 |a bez média  |b n  |2 rdamedia 
338 |a svazek  |b nc  |2 rdacarrier 
504 |a Obsahuje bibliografie a bibliografické odkazy 
546 |a České a anglická resumé 
650 0 7 |a antropologie  |7 ph114065  |2 czenas 
650 0 9 |a anthropology  |2 eczenas 
655 7 |a sborníky  |7 fd163935  |2 czenas 
655 9 |a papers of several authors  |2 eczenas 
700 1 |a Kvapil, Matěj  |7 jo20261290493  |4 aut 
700 1 |a Látal, Martin  |7 jo20261290495  |4 aut 
700 1 |a Vondruška, Michal  |7 jo20261290497  |4 aut 
700 1 |a Vranovský, Karel  |7 jo20261290499  |4 aut 
710 2 |a Vydavatelství Univerzity Palackého  |7 kn20070910002  |4 pbl 
910 |a ZLD002 
942 |2 udc 
952 |0 0  |1 0  |4 0  |6 39HORÁKOVÁH  |7 0  |8 BOOK  |9 190690  |a UTBZL  |b UTBZL  |c 005  |d 2026-04-08  |l 0  |o 39/HORÁKOVÁ,H.  |p 420010201942  |r 2026-04-08 14:33:06  |v 220.00  |w 2026-04-08  |x N:nákup  |y 01 
992 |a BK  |b SK 
999 |c 115467  |d 115467